000 00672cam a22002297a 4500
003 OSt
005 20141212213002.0
008 070531s2006 cr 000 0 spa
010 _a 2007439778
020 _a9968-41-097-7
040 _cBMC
082 _a808.0687281
100 1 _93181
_aGonzález Villanueva, Gustavo
245 1 0 _aOcurrencias romanas
_cGustavo González Villanueva ; prólogo de Jorge Mario Cabrera Valverde
250 _a1ª ed
260 _aSan José
_bEdiciones Promesa
_c2006
300 _a75 p.
_c21 cm
490 0 _aCuento
_v5
650 2 4 _928303
_aCuentos guatemaltecos
700 1 _94429
_aCabrera Valverde, Jorge Mario
942 _2ddc
_cBK
999 _c15795
_d15795